000 00245nmm a2200085Ia 4500
008 220120s9999||||xx |||||||||||||||||und||
100 _aDigit
245 0 _awindows 8.1, 18 tools to secure your pc, Ashampoo file wiper
260 _aNine dot Nine
_c2013
999 _c139848
_d139848